Statistics for Wards of Osaka Map Quiz

Click here to take the quiz!

General Stats

  • This quiz has been taken 270 times
  • The average score is 13 of 24

Answers on the Map

Answers color-coded by a green-red scale on the quiz's map according to % correct below.
 

Answer Stats

Answer% Correct
Kita
89%
Chuo
85%
Nishi
85%
Yodogawa
68%
Tennoji
64%
Minato
63%
Abeno
61%
Higashi-Yodogawa
59%
Naniwa
55%
Nishinari
55%
Nishi-Yodogawa
53%
Sumiyoshi
53%
Suminoe
48%
Fukushima
47%
Konohana
46%
Taisho
46%
Miyakojima
42%
Hirano
41%
Higashinari
40%
Ikuno
39%
Joto
38%
Tsurumi
36%
Asahi
34%
Higashi-Sumiyoshi
33%

Score Distribution

Percentile by Number Answered

Percent of People with Each Score

Your Score History

You have not taken this quiz